Classic Novels by Character #1 - Statistics

General Stats
  • This quiz has been taken 65 times
  • The average score is 8 of 16
Answer Stats
Character(s) Novel % Correct
Big Brother 1984
89%
Atticus Finch To Kill A Mockingbird
84%
Odysseus The Odyssey
69%
Holden Caulfield The Catcher in the Rye
58%
Nick Carraway The Great Gatsby
55%
Sancho Panza Don Quixote
53%
Pip Great Expectations
52%
Snowball Animal Farm
50%
Edmond Dantès The Count of Monte Cristo
47%
Ralph, Jack, Simon Lord of the Flies
44%
Hester Prynne The Scarlet Letter
39%
Tom Joad The Grapes of Wrath
37%
Guy Montag Fahrenheit 451
35%
Pierre Bezukhov War and Peace
35%
George Milton Of Mice and Men
21%
Claudius Hamlet
19%
No matching quizzes found
Score Distribution
Percent of People with Each Score
Percentile by Number Answered
Your Score History
You have not taken this quiz